| 000 | 00733nam a2200169Ia 4500 | ||
|---|---|---|---|
| 008 | 090711s9999 xx 000 0 und d | ||
| 082 | _b3540 | ||
| 100 | _aभट आत्माराम रा. | ||
| 245 | _aज. स. करंदीकर यांSो निवडक लेख व निबंध | ||
| 260 |
_b"केसरी मुद्रणालय," _c1950 |
||
| 300 | _a292 | ||
| 600 | _aभट आत्माराम रा. | ||
| 630 | _aज. स. करंदीकर यांSो निवडक लेख व निबंध | ||
| 700 | _aभट आत्माराम रा. | ||
| 730 | _aज. स. करंदीकर यांSो निवडक लेख व निबंध | ||
| 942 | _cBOOK | ||
| 999 |
_c286708 _d286708 |
||